| 000 | 00663nam a22001817a 4500 | ||
|---|---|---|---|
| 003 | 0 | ||
| 005 | 20230823101407.0 | ||
| 008 | 230823b xxu||||| |||| 00| 0 eng d | ||
| 020 | _a978-621-427-129-0 | ||
| 050 |
_aHD 30.4 _b.M65 2023 |
||
| 100 | _aMolines, Madonna S. Siniguian | ||
| 245 |
_aUnderstanding research design and methods : basic business approach for undergraduate level _cMadonna S. Molines-Siniguian |
||
| 260 |
_aManila _bUnlimited Books Library Services & Publishing Inc. _cc2023. |
||
| 300 |
_aviii, 142 pages ; _c25 cm. |
||
| 500 | _aBusiness--research--methodology. | ||
| 504 | _aIncludes bibliographical references. | ||
| 942 |
_2lcc _cBK |
||
| 999 |
_c365186 _d365186 |
||